Το όνειρο
Αποθηκεύτηκε σε:
| Κύριος συγγραφέας: | |
|---|---|
| Μορφή: | Βιβλίο |
| Γλώσσα: | Greek French |
| Δημοσίευση: |
[Αθήνα] :
Εκδόσεις Ντέτσικα,
[1991].
|
| Θέματα: | |
| Ετικέτες: |
Προσθήκη ετικέτας
Δεν υπάρχουν, Καταχωρήστε ετικέτα πρώτοι!
|
MARC
| LEADER | 00000nam a2200000 a 4500 | ||
|---|---|---|---|
| 001 | 1/127324 | ||
| 008 | 230925q1991####gr | ||| |||| ||gre|| | ||
| 040 | |a GR-MyUa |b gre |c GR-MyUa |e AACR2 | ||
| 041 | 1 | |a gre |h fre | |
| 082 | 7 | |a 843 |2 (23) | |
| 100 | 1 | |a Zola, Émile, |d 1840-1902. | |
| 245 | 1 | 3 | |a Το όνειρο / |c Αιμ. Ζολά. |
| 260 | |a [Αθήνα] : |b Εκδόσεις Ντέτσικα, |c [1991]. | ||
| 300 | |a 232 σ. ; |c 21 εκ. | ||
| 650 | 0 | |a French fiction |y 19th century. | |
| 852 | |a INST |b SAMOS |e 20230925 |h 843 ZOL |p 005300047745 |q 005300047745 |t BK |y 0 | ||
| 970 | |a Γουβάλα |b Βάσω |z 25-09-2023 | ||